Las huellas de la pobreza en la ciudad /

En las ciencias sociales resulta una tarea ardua definir qué es la pobreza urbana. ¿Cuál es la especificidad que la vida en la ciudad le confiere al ya complejo fenómeno de la pobreza? Las ciudades son territorios históricamente privilegiados para el análisis de la pobreza en tanto condensan, inclus...

Description complète

Enregistré dans:
Détails bibliographiques
Auteur principal: Di Virigilio, María Mercedes
Autres auteurs: Otero, María Pía, Boniolo, Paula
Format: Texte
Sujets:
Tags: Ajouter un tag
Pas de tags, Soyez le premier à ajouter un tag!

MARC

LEADER 00000 a a2200000 04500
001 43201
003
040
100 |a Di Virigilio, María Mercedes  
245 |a Las huellas de la pobreza en la ciudad /  |c María Mercedes Di Virgilio; María Pía Otero; Paula Boniolo  
520 4 |a En las ciencias sociales resulta una tarea ardua definir qué es la pobreza urbana. ¿Cuál es la especificidad que la vida en la ciudad le confiere al ya complejo fenómeno de la pobreza? Las ciudades son territorios históricamente privilegiados para el análisis de la pobreza en tanto condensan, incluso visualmente, las marcas de los procesos de acumulación económica, política y de aquellos vinculados a la reproducción de la vida cotidiana. A través de diversos estudios que contemplan una mirada multidimensional, desde diferentes enfoques teóricos y metodológicos, este libro plantea una aproximación a los procesos de segregación urbana producto de las transformaciones acontecidas en las últimas décadas en la región.  
590 |a RRA/JUNIO2012  
650 |a 1.POBREZA  
650 |a 2.INVESTIGACION  
650 |a 3.ZONAS URBANAS  
650 |a 4.EXCLUSION SOCIAL  
650 |a 5.DISCRIMINACION  
650 |a 6.AMERICA LATINA  
700 |a Otero, María Pía 
700 |a Boniolo, Paula  
773 |g páginas 11-26  
999 |c 30546  |d 30546